Mazha Bharat Amar Bharat (Record no. 88443)
[ view plain ]
| 000 -LEADER | |
|---|---|
| fixed length control field | 00476nam a2200181Ia 4500 |
| 008 - FIXED-LENGTH DATA ELEMENTS--GENERAL INFORMATION | |
| fixed length control field | 230125s9999 xx 000 0 und d |
| 041 ## - LANGUAGE CODE | |
| Language code of text/sound track or separate title | eng |
| 082 ## - DEWEY DECIMAL CLASSIFICATION NUMBER | |
| Classification number | 891.463 |
| Item number | VIV |
| 100 ## - MAIN ENTRY--PERSONAL NAME | |
| Personal name | Vivekananda S |
| 9 (RLIN) | 110883 |
| 245 ## - TITLE STATEMENT | |
| Title | Mazha Bharat Amar Bharat |
| 260 ## - PUBLICATION, DISTRIBUTION, ETC. (IMPRINT) | |
| Date of publication, distribution, etc. | 2009 |
| Name of publisher, distributor, etc. | Ramakrishna Math |
| Place of publication, distribution, etc. | Nagpur |
| 300 ## - PHYSICAL DESCRIPTION | |
| Extent | 223p |
| 500 ## - GENERAL NOTE | |
| Keywords | Marathi Literature;Literature |
| 650 ## - SUBJECT ADDED ENTRY--TOPICAL TERM | |
| Topical term or geographic name as entry element | Marathi Literature |
| 700 ## - ADDED ENTRY--PERSONAL NAME | |
| Personal name | Vivekananda S |
| 9 (RLIN) | 110883 |
| 906 ## - LOCAL DATA ELEMENT F, LDF (RLIN) | |
| b | 7 |
| Withdrawn status | Lost status | Damaged status | Not for loan | Home library | Current library | Date acquired | Vendor | Cost, normal purchase price | Bill number | Total Checkouts | Full call number | Barcode | Date last seen | Cost, replacement price | Bill Date | Koha item type | Original Barcode |
|---|---|---|---|---|---|---|---|---|---|---|---|---|---|---|---|---|---|
| Smt. Hiraben Nanavati Institute of Management & Research for Women | Smt. Hiraben Nanavati Institute of Management & Research for Women | 17/02/2010 | Ramakrishna Math | 35.00 | CRB251 | 891.463 VIV B08408 | HIMR-BK-8408 | 25/01/2023 | 28.00 | 26/02/2010 | Books | B08408 |